000 nam a22 7a 4500
999 _c9124
_d9124
008 180123b ||||| |||| 00| 0 eng d
100 _aGrewal T S
_95399
245 _aAnalysis of Financial State
260 _aNew Delhi
_bSCS
_c2009